Emma /
Román z klidného městečka v Anglii na přelomu 18. a 19. století představuje jako hrdinku mladou nezkušenou dívku, která se snaží řídit osudy svých bližních.
Uloženo v:
| Hlavní autor: | |
|---|---|
| Další autoři: | |
| Médium: | E-kniha |
| Jazyk: | Czech |
| Vydáno: |
V Praze :
CooBoo,
2022
|
| Vydání: | V tomto překladu vydání první |
| Edice: | CooBoo Classics
|
| Témata: | |
| Tagy: |
Žádné tagy |
| LEADER | 02409nam a2200445 i 4500 | ||
|---|---|---|---|
| 001 | 311490 | ||
| 003 | CZ PrSKC | ||
| 005 | 20260601215706.0 | ||
| 007 | ta | ||
| 008 | 220127s2022 xr g 000 f cze | ||
| 015 | |a cnb003393254 | ||
| 020 | |a 9788076613782 |q (vázáno) : |c Kč 369,00 | ||
| 035 | |a (OCoLC)1302727622 | ||
| 040 | |a ABG001 |b cze |e rda | ||
| 041 | 1 | |a cze |h eng | |
| 072 | 7 | |a 821.111-3 |x Anglická próza, anglicky psaná |2 Konspekt | |
| 080 | |a 821.111-31 |2 MRF | ||
| 080 | |a (0:82-31) |2 MRF | ||
| 100 | 1 | |a Austen, Jane, |d 1775-1817 |7 jn19990000321 |4 aut | |
| 240 | 1 | 0 | |a Emma. |l Česky |7 aun2007431046 |
| 245 | 1 | 0 | |a Emma / |c Jane Austenová ; přeložila Lucie Mikolajková |
| 250 | |a V tomto překladu vydání první | ||
| 264 | 1 | |a V Praze : |b CooBoo, |c 2022 | |
| 300 | |a 532 stran ; |c 21 cm | ||
| 336 | |a text |b txt |2 rdacontent | ||
| 337 | |a bez média |b n |2 rdamedia | ||
| 338 | |a svazek |b nc |2 rdacarrier | ||
| 490 | 1 | |a CooBoo Classics ; |v svazek 8 | |
| 500 | |a Přeloženo z angličtiny | ||
| 520 | 2 | |a Román z klidného městečka v Anglii na přelomu 18. a 19. století představuje jako hrdinku mladou nezkušenou dívku, která se snaží řídit osudy svých bližních. |b Hrdinčina životní nezkušenost ji předurčuje k mnoha omylům, jejichž nepříjemné důsledky v ní brzy vypěstují nutnou rozvahu a schopnost ocenit skutečné životní hodnoty, nezávislé na výši majetku ani na společenském postavení. Román náleží ke klasickým dílům anglické literatury a svým nesentimentálním jemným humorem vypovídá o poklidné atmosféře života středních vrstev anglické společnosti způsobem přijatelným i po dvou stech letech od svého vzniku. | |
| 655 | 7 | |a anglické romány |7 fd131814 |2 czenas | |
| 655 | 9 | |a English fiction |2 eczenas | |
| 700 | 1 | |a Mikolajková, Lucie, |d 1975- |7 ola2006323455 |4 trl | |
| 830 | 0 | |a CooBoo Classics | |
| 900 | |a ABA001 |b 20 | ||
| 928 | 9 | |a Albatros Media - CooBoo | |
| 044 | |a xr | ||
| 910 | |a RBIT002 | ||
| 998 | |d 344553 |a https://core.palmknihy.cz/api/books/344553/cover?si5yh1 |b https://core.palmknihy.cz/api/books/344553/cover/400?si5yh1 |c https://core.palmknihy.cz/api/books/344553/cover/50?si5yh1 |e 2031-12-31 |g 536 |i 9788076613782 |j https://core.palmknihy.cz/api/books/344553/preview.epub |k https://core.palmknihy.cz/api/books/344553/preview.pdf |l |q 49 |r 1 |s https://www.palmknihy.cz/kniha/344553 |t ebook |y 2022 |z 0 | ||
| 999 | |d 311488 | ||